The right to hope : crisis and community /

Bibliographic Details
Main Author: Rader, Melvin (Melvin Miller), 1903-1981
Format: Book
Language:English
Published: Seattle : University of Washington Press, [1981]
Subjects:

MARC

Tag First Indicator Second Indicator Subfields
LEADER 00000cam a22000008a 4500
001 in00000072680
005 20151008054604.0
008 810514s1981 wau s00110 eng
010 |a  81051284  
020 |a 0295958367 
035 |a (OCoLC)07555158 
035 |9 AAJ1100AM 
039 0 |a 2  |b 3  |c 3  |d 3  |e 3 
040 |a DLC  |c DLC  |d TXA  |d UtOrBLW 
049 |a TXAM  |c [1672548] 
050 0 0 |a HM101  |b .R24 
082 0 |a 909.82  |2 19 
100 1 |a Rader, Melvin  |q (Melvin Miller),  |d 1903-1981. 
245 1 4 |a The right to hope :  |b crisis and community /  |c by Melvin Rader. 
263 |a 8110 
264 1 |a Seattle :  |b University of Washington Press,  |c [1981] 
264 4 |c ©1981 
300 |a xvi, 131 pages ;  |c 23 cm. 
336 |a text  |b txt  |2 rdacontent 
337 |a unmediated  |b n  |2 rdamedia 
338 |a volume  |b nc  |2 rdacarrier 
504 |a Includes bibliographical references and index. 
650 0 |a Civilization, Modern  |y 1950- 
650 0 |a Hope. 
650 0 |a Communities. 
999 |a MARS 
999 f f |s ce371ee0-723e-364a-a7f8-b3b3ba527f38  |i 88193f34-7e46-34ef-9b37-d789c6cb79dc  |t 0 
952 f f |p ric  |a Texas A&M University  |b Rellis Campus  |c Joint Library Facility  |d Remote Storage  |t 0  |e HM101 .R24  |h Library of Congress classification  |i unmediated -- volume  |m A14806139155 
998 f f |a HM101 .R24  |t 0  |l Remote Storage